'N' Logos Quiz Stats

 Plays Quiz Updated Oct 3, 2018

Also try: 'W' Logos
Challenge
Share
Tweet
Score 0/24 Timer 05:00
26 Plays Today
% Correct
Nike
99.6%
Netflix
98.3%
Nickelodeon
90.3%
New Balance
83.4%
Nintendo
83.2%
The North Face
69.7%
Nestlé
68.7%
The New York Times
63.9%
Napster
59.8%
Nivea
52.1%
Nirvana
47.9%
Nine Inch Nails
45.4%
% Correct
Nutella
44.9%
Nikon
44.7%
Netscape
41.2%
Nissan
36.3%
Nokia
34.2%
Newcastle United
33.2%
Northwest Airlines
22.9%
NVidia
22.6%
Nespresso
22%
Norton
21.3%
Quebec Nordiques
19.5%
Nextel
9.1%

You're not logged in!

Compare scores with friends on all Sporcle quizzes.
OR
Log In

You Might Also Like...

Show Comments

Extras

Top Quizzes Today


Score Distribution

Your Account Isn't Verified!

In order to create a playlist on Sporcle, you need to verify the email address you used during registration. Go to your Sporcle Settings to finish the process.

Report this User

Report this user for behavior that violates our Community Guidelines.

Details: